00756nam a2200229 a 450000100060000000300080000600500170001400800410003102000260007203500190009804000270011704100080014408200290015210000340018124500720021526000320028730000250031950400510034465000440039565100390043965100480047864300BD-RjUL20211209081306.0170213s1983 ii b 001 0 eng  a0706922158 :cRs75.00 a(BD-RjUL)64430 aDLCcDLCdBD-RjULbeng aeng00a322.509549223bKHG 19832 aAsghar Khan, Mohammad,d1921-10aGenerals in politics :bPakistan 1958-1982 /cMohammad Asghar Khan. aNew Delhi :bVikas,cc1983. avi, 230 p. ;c22 cm. aIncludes bibliographical references and index. 0aGeneralsxPolitical activityzPakistan. 0aPakistanxPolitics and government. 0aPakistanxArmed ForcesxPolitical activity.